| 000 | 00904nas a2200277 4500 | ||
|---|---|---|---|
| 001 | BR0202285 | ||
| 003 | BR-BrBNA | ||
| 005 | 20231205102932.0 | ||
| 007 | ta | ||
| 008 | 230509b bl.|||p| |||| 00| 00por d | ||
| 040 |
_aBR-BrBNA _bpor _cBiblioteca Nacional de Agricultura |
||
| 041 | _a(Pt) | ||
| 072 | _aJ11 | ||
| 100 | 1 | _aBrackmann, A. | |
| 100 | 1 | _aSteffens, C.A. | |
| 100 | 1 | _aMello, A.M. de | |
| 245 | 1 | _aEfeito do pré-resfriamento e temperatura de armazenamento na qualidade de ameixas, cvs. Pluma 7 e Reubennel | |
| 650 | _aAMEIXA | ||
| 650 | _aARMAZENAMENTO | ||
| 650 | _aREFRIGERAÇÃO | ||
| 650 | _aRESFRIAMENTO | ||
| 773 | 0 |
_tRevista Brasileira de Agrociência (Brazil) _xISSN 0104-8996 _g(Jan-Apr 2001), v. 7(1) p. 18-21 _wBR0202285 |
|
| 856 | 4 | 0 | _uhttp://www.ufpel.tche.br/faem/agrociencia/v7n1/artigo04.pdf |
| 909 |
_a202311 _bLúcia _c55 _dLúcia Elande |
||
| 942 |
_2AGRIS _n0 _cANA |
||
| 999 |
_c170160 _d170160 |
||